Loading...
| Science - Physics | 0 | 5 | 0 | 2 | 50 | 103 | 115.00 | 0 | 4 | 3.90 | 8.18 |
| History - World | 0 | 3 | 0 | 1 | 30 | 40 | 99.67 | 1 | 3 | 15.07 | 13.89 |
| Religion | 0 | 2 | 0 | 0 | 20 | 98 | 116.00 | 0 | 2 | 0.00 | 0.00 |
| History - European | 0 | 2 | 0 | 1 | 20 | 114 | 120.50 | 0 | 1 | 8.65 | 12.12 |
| Science - Other | 0 | 2 | 1 | 2 | 15 | 119 | 121.50 | 0 | 1 | 1.76 | 3.03 |
| Fine Arts - Classical Music | 0 | 1 | 0 | 0 | 10 | 111 | 111.00 | 0 | 0 | 5.91 | 11.41 |
| History - Other | 0 | 1 | 0 | 1 | 10 | 122 | 122.00 | 0 | 0 | 3.35 | 6.06 |
| Other Academic | 0 | 1 | 0 | 0 | 10 | 93 | 93.00 | 0 | 1 | 0.00 | 0.00 |
| Philosophy | 0 | 1 | 0 | 1 | 10 | 115 | 115.00 | 0 | 1 | 0.00 | 0.00 |
| Science - Chemistry | 0 | 1 | 0 | 0 | 10 | 100 | 100.00 | 1 | 1 | 5.16 | 4.95 |
| Social Science | 0 | 1 | 1 | 0 | 5 | 108 | 108.00 | 0 | 1 | 6.45 | 8.64 |